000 00670nam a22002297a 4500
003 UA-OsUOA
001 121121
007 ta
008 20170313b un ||||| |||| 00| 0 ukr d
100 _aПокровский М. Н.
090 _a94(477)(082)
_bП48
942 _cBK
040 _aUA-OsUOA
_brus
_cUA-OsUOA
_dUA-OsUOA
245 _aОб Украине
_bсборник статей и материалов
_cпод ред. Н. Н. Попова
300 _a167 с.
955 _a1
041 _arus
080 _a94(477)(082)
260 _aК.
_bГСЭИУ
_c1935
650 7 _a9 Географія. Біографії. Історія
_2UDC
999 _c407415
_d407415